| 000 | 00373nam a22001217a 4500 | ||
|---|---|---|---|
| 082 | _a220 PRO | ||
| 100 |
_aHAMZA,TAHA,WARDA _971703 |
||
| 245 | _aPR-SOF-1368-DESIGN ANALYSIS AND FABRICATION OF RADIO CONTROLLED SUBMARINE | ||
| 260 |
_aISLAMABAD _bNUST COLLEGE OF EME _c2014 |
||
| 650 |
_aDE-MECH-32 _971704 |
||
| 700 |
_aDR TARIQ TALHA,SAIF ULLAH KHALID _971705 |
||
| 942 | _cCR | ||
| 999 |
_c578082 _d578082 |
||